01249nam a2200253 a 450000100100000000500170001000800410002702000180006804000250008608200150011110000260012624502080015226000960036030000330045650400270048950501340051650000710065050000320072170000420075370000430079570000320083895201080087099900170097800004293720201002040519.0140213s2010 sp ab 000 0 spa d a9788497815963 aDO-SdBNPbspacBNPHU axxxxbxxxx1 aSarramon, Jean97042110aContribución a la historia de La Guerra de la Independencia de la Península Ibérica contra Napoleón I /cJean Sarramon ; traducción e ilustraciones, José Pardo de Santayana y Gómez de Olea. aMadrid :bMinisterio de defensa,bDirección General de Relaciones Institucionales,c2010. av. 1 :bil., mapas ;c21 cm. aBibliografía : p. 350 gv. 1.tQuinta fase: "El declive" (junio de 1811-diciembre de 1812), primera parte: "Valencia" (junio de 1811-15 de enero de 1812) aIncluye referencia bibliográfica y notas al pie de las páginas aLa biblioteca posee el v. 112aSañudo, Juan Joséepról.97042212aPardo de Santayana, Joséetr.97042312aGómez de Oleaetr.970424 001050718MOaGRbGRcCTd2014-02-13iLF1l0ov. 1p42937-10r2020-06-25w2020-06-25y1ZNo se presta c42426d42426